Rozpočet Európskej únie vo vzťahu k štátnemu rozpočtu SR

Rozpočtové vzťahy v Slovenskej republike. Rozpočtové vzťahy v Európskej únii. Výdavková strana rozpočtu EÚ. Príjmová strana rozpočtu EÚ. Implementácia výdavkovej alebo príjmovej stránky rozpočtu EÚ v štátnom rozpočte SR.

Guardado en:
Detalles Bibliográficos
Autor principal: Konvalinková, Iveta
Formato: Capítulo de libro
Lenguaje:eslovaco
Materias:
Etiquetas: Agregar Etiqueta
Sin Etiquetas, Sea el primero en etiquetar este registro!

MARC

LEADER 00000naa$a2200000$$$4500
001 0073120
005 20231013072012.3
041 0 |a slo 
044 |a SK 
245 1 0 |a Rozpočet Európskej únie vo vzťahu k štátnemu rozpočtu SR  |c Iveta Konvalinková 
520 |a Rozpočtové vzťahy v Slovenskej republike. Rozpočtové vzťahy v Európskej únii. Výdavková strana rozpočtu EÚ. Príjmová strana rozpočtu EÚ. Implementácia výdavkovej alebo príjmovej stránky rozpočtu EÚ v štátnom rozpočte SR. 
610 2 0 |a rozpočet štátny 
610 2 0 |a rozpočty 
610 2 0 |a výdavky 
610 2 0 |a príjmy 
610 2 0 |a Európska únia 
610 2 0 |a Slovensko 
100 1 |a Konvalinková, Iveta